| 000 | 00606nam a2200157Ia 4500 | ||
|---|---|---|---|
| 008 | 220216s9999 xx 000 0 und d | ||
| 100 | _aAnnamalainathan K | ||
| 245 | 0 | _aRubber plantation as a potential sink for atmospheric carbon dioxide: An ecosystem flux approach | |
| 260 |
_bInternational Workshop on Climate Change and Rubber Cultivation: R & D Priorities, 28-30 July 2010, Rubber Research Institute of India, Kottayam, Kerala, pp. 76-77 _c2010 |
||
| 650 | _aCO2 flux | ||
| 650 | _aCO2 sequestration | ||
| 650 | _aRubber plantation | ||
| 700 | _aJacob J | ||
| 700 | _aSatheesh P R | ||
| 942 | _cJS | ||
| 999 |
_c67873 _d67873 |
||